Pretend You don't see her / (Record no. 14067)
[ view plain ]
| 000 -LEADER | |
|---|---|
| fixed length control field | 01535cam a2200373 a 4500 |
| 001 - CONTROL NUMBER | |
| control field | 4496935 |
| 003 - CONTROL NUMBER IDENTIFIER | |
| control field | EG-ScBUE |
| 005 - DATE AND TIME OF LATEST TRANSACTION | |
| control field | 20210116151744.0 |
| 008 - FIXED-LENGTH DATA ELEMENTS--GENERAL INFORMATION | |
| fixed length control field | 970513s1998 nyu f 000 1 eng d |
| 020 ## - INTERNATIONAL STANDARD BOOK NUMBER | |
| International Standard Book Number | 9780671867157 |
| 035 ## - SYSTEM CONTROL NUMBER | |
| System control number | (OCoLC)36454987 |
| 040 ## - CATALOGING SOURCE | |
| Original cataloging agency | WvC |
| Language of cataloging | eng |
| Description conventions | rda |
| Transcribing agency | WvC |
| Modifying agency | IWhN |
| -- | AzM |
| -- | ScG |
| -- | O |
| -- | DLC |
| -- | EG-ScBUE |
| 043 ## - GEOGRAPHIC AREA CODE | |
| Geographic area code | n-us-mn |
| -- | n-us-ny |
| 082 04 - DEWEY DECIMAL CLASSIFICATION NUMBER | |
| Classification number | 813.54 |
| Item number | CLA |
| Edition number | 21 |
| 100 1# - MAIN ENTRY--PERSONAL NAME | |
| Personal name | Clark, Mary Higgins, |
| Relator term | author. |
| 9 (RLIN) | 14641 |
| 245 10 - TITLE STATEMENT | |
| Title | Pretend You don't see her / |
| Statement of responsibility, etc | Mary Higgins Clark. |
| 264 #1 - PUBLICATION, DISTRIBUTION, ETC. (IMPRINT) | |
| Place of publication, distribution, etc | New York, NY : |
| Name of publisher, distributor, etc | Pocket Books, |
| Date of publication, distribution, etc | 1998. |
| 300 ## - PHYSICAL DESCRIPTION | |
| Extent | viii, 305 pages : |
| Dimensions | 25 cm |
| 336 ## - CONTENT TYPE | |
| Source | rdacontent |
| Content type term | text |
| Content type code | txt |
| 337 ## - MEDIA TYPE | |
| Source | rdamedia |
| Media type term | unmediated |
| Media type code | n |
| 338 ## - CARRIER TYPE | |
| Source | rdacarrier |
| Carrier type term | volume |
| Carrier type code | nc |
| 650 #7 - SUBJECT ADDED ENTRY--TOPICAL TERM | |
| Topical term or geographic name as entry element | Women real estate agents |
| General subdivision | Fiction. |
| Source of heading or term | BUEsh |
| 9 (RLIN) | 14642 |
| 650 #7 - SUBJECT ADDED ENTRY--TOPICAL TERM | |
| Topical term or geographic name as entry element | Witnesses |
| General subdivision | Protection |
| -- | Fiction. |
| Source of heading or term | BUEsh |
| 9 (RLIN) | 14643 |
| 651 #7 - SUBJECT ADDED ENTRY--GEOGRAPHIC NAME | |
| Geographic name | Minneapolis (Minn.) |
| General subdivision | Fiction. |
| Source of heading or term | BUEsh |
| 9 (RLIN) | 14644 |
| 651 #7 - SUBJECT ADDED ENTRY--GEOGRAPHIC NAME | |
| Geographic name | New York (N.Y.) |
| General subdivision | Fiction. |
| Source of heading or term | BUEsh |
| 9 (RLIN) | 14645 |
| 653 ## - INDEX TERM--UNCONTROLLED | |
| Resource For college | Humanities: English |
| Arrived date list | January2021 |
| 655 #7 - INDEX TERM--GENRE/FORM | |
| Genre/form data or focus term | Detective and mystery stories. |
| Source of term | gsafd |
| Form subdivision | Reading book |
| 856 42 - ELECTRONIC LOCATION AND ACCESS | |
| Materials specified | Contributor biographical information |
| Uniform Resource Identifier | <a href="http://www.loc.gov/catdir/bios/simon051/97150693.html">http://www.loc.gov/catdir/bios/simon051/97150693.html</a> |
| 856 42 - ELECTRONIC LOCATION AND ACCESS | |
| Materials specified | Publisher description |
| Uniform Resource Identifier | <a href="http://www.loc.gov/catdir/description/simon033/97150693.html">http://www.loc.gov/catdir/description/simon033/97150693.html</a> |
| 856 41 - ELECTRONIC LOCATION AND ACCESS | |
| Materials specified | Sample text |
| Uniform Resource Identifier | <a href="http://www.loc.gov/catdir/enhancements/fy0641/97150693-s.html">http://www.loc.gov/catdir/enhancements/fy0641/97150693-s.html</a> |
| 942 ## - ADDED ENTRY ELEMENTS (KOHA) | |
| Source of classification or shelving scheme | Dewey Decimal Classification |
| Koha item type | Book - Borrowing |
| Withdrawn status | Lost status | Source of classification or shelving scheme | Damaged status | Not for loan | Collection code | Home library | Current library | Shelving location | Date acquired | Source of acquisition | Cost, normal purchase price | Serial Enumeration / chronology | Total Checkouts | Total Renewals | Full call number | Barcode | Date last seen | Date checked out | Price effective from | Koha item type |
|---|---|---|---|---|---|---|---|---|---|---|---|---|---|---|---|---|---|---|---|---|
| Dewey Decimal Classification | Baccah | Central Library | Central Library | Second Floor | 09/06/2010 | 90.00 | 102670 | 8 | 18 | 813.54 CLA | 000020904 | 15/07/2025 | 04/03/2024 | 09/06/2010 | Book - Borrowing |